00266nam a2200121Ia 45000030006000000080041000060400015000471000026000622450018000882600009001065460012001150050017001270STCL150530s9999 xx 000 0 und d aSTCLcSTCL aKatherine Anne Porter aLeaning Tower c1963 aEnglish20220125170650.0